El proceso de investigación
Gespeichert in:
| 1. Verfasser: | |
|---|---|
| Format: | Buch |
| Sprache: | Spanisch |
| Veröffentlicht: |
Buenos Aires
Humanitas
1989
|
| Schlagworte: | |
| Tags: |
Tag hinzufügen
Keine Tags, Fügen Sie den ersten Tag hinzu!
|
MARC
| LEADER | 00000nam a2200000 a 4500 | ||
|---|---|---|---|
| 001 | UCX5644 | ||
| 003 | CL-VaPUC | ||
| 008 | 921217e19890000AG |||||||||||||||||spa|d | ||
| 082 | 0 | 4 | |a 001.4 |b SAB |2 21 |
| 100 | 0 | |a Sabino, Carlos A |e author |9 321974 | |
| 245 | 1 | 3 | |a El proceso de investigación |
| 300 | |a 188 p | ||
| 942 | |c BK | ||
| 945 | |d 19921217 00:00:00 | ||
| 260 | |a Buenos Aires |b Humanitas |c 1989 | ||
| 650 | 0 | |a Investigación científica |9 259857 | |
| 650 | 0 | |a Métodos de investigación |9 262618 | |
| 583 | |a last modification |c 20141114 01:56:11 |k Rodrigo Vera | ||
| 999 | |c 225847 |d 225845 | ||
| 952 | |0 0 |1 0 |4 0 |6 001_400000000000000_SAB_1989 |7 0 |8 A |9 223721 |a BIBGIM |b BIBGIM |d 2019-11-15 |i 2925559 |o 001.4 SAB 1989 |p 2925559 |r 2025-01-15 |w 2019-11-15 |y BK |k SSL | ||